[Event "Paul Keres mem (27th)"]
[Site "Vancouver CAN"]
[Date "2002.05.19"]
[Round "4.2"]
[White "Charbonneau, Pascal"]
[Black "Yoos, John"]
[Result "1/2-1/2"]
[WhiteElo "2405"]
[BlackElo "2332"]
[PlyCount "30"]
[GameId "2160767911450371"]
[EventDate "2002.05.17"]
[EventType "swiss"]
[EventRounds "7"]
[EventCountry "CAN"]
[SourceTitle "EXT 2004"]
[Source "ChessBase"]
[SourceDate "2003.11.25"]
[SourceVersion "1"]
[SourceVersionDate "2003.11.25"]
[SourceQuality "1"]

1. e4 c5 2. Nf3 Nc6 3. Nc3 Nf6 4. d4 cxd4 5. Nxd4 e5 6. Ndb5 d6 7. Bg5 a6 8. Na3 b5 9. Nd5 Qa5+ 10. Bd2 Qd8 11. Bg5 Qa5+ 12. Bd2 Qd8 13. Bg5 Qa5+ 14. Bd2 Qd8 15. Bg5 Qa5+ 1/2-1/2

[Event "Paul Keres mem (27th)"]
[Site "Vancouver CAN"]
[Date "2002.05.19"]
[Round "5.1"]
[White "Orlov, Georgi"]
[Black "Charbonneau, Pascal"]
[Result "1/2-1/2"]
[WhiteElo "2511"]
[BlackElo "2405"]
[PlyCount "71"]
[GameId "2160767911450393"]
[EventDate "2002.05.17"]
[EventType "swiss"]
[EventRounds "7"]
[EventCountry "CAN"]
[SourceTitle "EXT 2004"]
[Source "ChessBase"]
[SourceDate "2003.11.25"]
[SourceVersion "1"]
[SourceVersionDate "2003.11.25"]
[SourceQuality "1"]

1. d4 Nf6 2. c4 e6 3. Nf3 d5 4. Nc3 dxc4 5. e3 a6 6. Bxc4 c5 7. O-O b5 8. Bb3 Bb7 9. Qe2 Nbd7 10. Rd1 Qc7 11. e4 cxd4 12. Nxd4 Bc5 13. Be3 O-O 14. f3 Rac8 15. Rd2 Ne5 16. Rad1 Bb4 17. Nxe6 fxe6 18. Bxe6+ Kh8 19. Bxc8 Qxc8 20. a3 Be7 21. Bd4 Nc4 22. Rc2 Qe8 23. Nd5 Nxd5 24. exd5 Bd6 25. Qxe8 Rxe8 26. Kf2 Kg8 27. a4 Kf7 28. axb5 axb5 29. b3 Ne5 30. Bc5 Rc8 31. b4 Nd7 32. Rdc1 Bxc5+ 33. bxc5 Bxd5 34. Rd2 Be6 35. c6 Ne5 36. Rc5 1/2-1/2

[Event "Paul Keres mem (27th)"]
[Site "Vancouver CAN"]
[Date "2002.05.20"]
[Round "6.2"]
[White "Charbonneau, Pascal"]
[Black "Meng, Fanhao"]
[Result "0-1"]
[WhiteElo "2405"]
[BlackElo "2249"]
[PlyCount "76"]
[GameId "2160767911450414"]
[EventDate "2002.05.17"]
[EventType "swiss"]
[EventRounds "7"]
[EventCountry "CAN"]
[SourceTitle "EXT 2004"]
[Source "ChessBase"]
[SourceDate "2003.11.25"]
[SourceVersion "1"]
[SourceVersionDate "2003.11.25"]
[SourceQuality "1"]

1. e4 e5 2. Nf3 Nc6 3. d4 exd4 4. Nxd4 Nf6 5. Nxc6 bxc6 6. e5 Qe7 7. Qe2 Nd5 8. c4 Ba6 9. b3 g6 10. f4 Bg7 11. Qe4 Nb6 12. Bd3 f6 13. Bb2 fxe5 14. fxe5 d5 15. Qe2 O-O 16. Nd2 Rae8 17. Nf3 dxc4 18. bxc4 Qb4+ 19. Qd2 Qxd2+ 20. Nxd2 Na4 21. O-O-O Nxb2 22. Kxb2 Rxe5 23. Kc2 Rf2 24. g3 Ra5 25. Kb3 Rf8 26. Bb1 Rb8+ 27. Kc2 Rb2+ 28. Kc1 Rc5 29. Rhe1 Bxc4 30. Ne4 Rd5 31. Rxd5 cxd5 32. Ng5 Re2 33. Rxe2 Bxe2 34. Ne6 Be5 35. Kd2 Bg4 36. Nc5 Kf7 37. Ke3 Ke7 38. Nd3 Kd6 0-1

[Event "Paul Keres mem (27th)"]
[Site "Vancouver CAN"]
[Date "2002.05.20"]
[Round "7.4"]
[White "Tegzes, Laszlo"]
[Black "Charbonneau, Pascal"]
[Result "1-0"]
[WhiteElo "2120"]
[BlackElo "2405"]
[PlyCount "55"]
[GameId "2160767911450437"]
[EventDate "2002.05.17"]
[EventType "swiss"]
[EventRounds "7"]
[EventCountry "CAN"]
[SourceTitle "EXT 2004"]
[Source "ChessBase"]
[SourceDate "2003.11.25"]
[SourceVersion "1"]
[SourceVersionDate "2003.11.25"]
[SourceQuality "1"]

1. e4 c5 2. c3 Nf6 3. e5 Nd5 4. d4 cxd4 5. cxd4 Nc6 6. Nf3 d6 7. Bc4 Nb6 8. Bb3 dxe5 9. Nxe5 e6 10. Nxc6 bxc6 11. O-O Be7 12. Bf4 O-O 13. Nc3 Ba6 14. Re1 Nd5 15. Be5 Re8 16. Rc1 Bg5 17. Nxd5 cxd5 18. f4 Bf6 19. Ba4 Rf8 20. Rc6 Bxe5 21. fxe5 Bb7 22. Rc5 a5 23. Re3 Ba6 24. Bc2 g6 25. Rh3 Rb8 26. Qd2 f5 27. Rxa5 Bc4 28. Ra7 1-0

[Event "CAN-ch zt playoff"]
[Site "Richmond CAN"]
[Date "2002.04.01"]
[Round "1"]
[White "Spraggett, Kevin"]
[Black "Charbonneau, Pascal"]
[Result "1/2-1/2"]
[WhiteElo "2541"]
[BlackElo "2386"]
[PlyCount "51"]
[GameId "2160767911483422"]
[EventDate "2002.04.01"]
[EventType "match (rapid)"]
[EventRounds "2"]
[EventCountry "CAN"]
[SourceTitle "CBM 088"]
[Source "ChessBase"]
[SourceDate "2002.03.21"]
[SourceVersion "1"]
[SourceVersionDate "2002.03.21"]
[SourceQuality "1"]

1. e4 c5 2. Nf3 Nc6 3. d4 cxd4 4. Nxd4 Nf6 5. Nc3 e5 6. Ndb5 d6 7. a4 a6 8. Na3 Be6 9. Bc4 Rc8 10. O-O Be7 11. Re1 Nb4 12. b3 O-O 13. Bb2 Rc5 14. Bf1 d5 15. exd5 Nbxd5 16. Bc4 Nxc3 17. Qxd8 Rxd8 18. Bxc3 Bxc4 19. Nxc4 b5 20. axb5 axb5 21. Ba5 Rdc8 22. Ne3 Nd5 23. Nf5 Bf6 24. c4 bxc4 25. bxc4 Nf4 26. Bb4 1/2-1/2

[Event "CAN-ch zt playoff"]
[Site "Richmond CAN"]
[Date "2002.04.01"]
[Round "2"]
[White "Charbonneau, Pascal"]
[Black "Spraggett, Kevin"]
[Result "1-0"]
[WhiteElo "2386"]
[BlackElo "2541"]
[PlyCount "83"]
[GameId "2160767911483423"]
[EventDate "2002.04.01"]
[EventType "match (rapid)"]
[EventRounds "2"]
[EventCountry "CAN"]
[SourceTitle "CBM 088"]
[Source "ChessBase"]
[SourceDate "2002.03.21"]
[SourceVersion "1"]
[SourceVersionDate "2002.03.21"]
[SourceQuality "1"]

1. e4 c5 2. Nf3 e6 3. d4 cxd4 4. Nxd4 a6 5. Bd3 Nf6 6. O-O d6 7. c4 Nbd7 8. Nc3 Qc7 9. b3 b5 10. Bb2 b4 11. Na4 Bb7 12. Qe2 Be7 13. f4 O-O 14. Kh1 g6 15. f5 e5 16. Nc2 a5 17. a3 bxa3 18. Nxa3 Bc6 19. Nb5 Qb7 20. Rae1 Rfe8 21. Qf3 Bf8 22. Bc1 Qb8 23. g4 Bg7 24. Ba3 d5 25. exd5 Bxb5 26. cxb5 e4 27. Bxe4 Ne5 28. Qg3 Nxe4 29. Rxe4 Qxb5 30. Rfe1 Rad8 31. d6 Qd5 32. Kg1 Rxd6 33. Bxd6 Qxd6 34. Nb2 Qb6+ 35. Kg2 Qc6 36. Kh3 f6 37. Nc4 gxf5 38. gxf5 Qd7 39. Nxe5 fxe5 40. Rxe5 Rxe5 41. Rxe5 Kf7 42. Rc5 1-0

[Event "CAN-ch"]
[Site "Richmond CAN"]
[Date "2002.03.21"]
[Round "1.5"]
[White "Charbonneau, Pascal"]
[Black "Poitras, Luc"]
[Result "1-0"]
[WhiteElo "2428"]
[BlackElo "2221"]
[PlyCount "155"]
[GameId "2160767911483523"]
[EventDate "2002.03.21"]
[EventType "swiss"]
[EventRounds "11"]
[EventCountry "CAN"]

1. e4 c5 2. Nf3 Nc6 3. d4 cxd4 4. Nxd4 e5 5. Nb5 d6 6. N1c3 a6 7. Na3 b5 8. Nd5 Be7 9. c4 b4 10. Nc2 a5 11. Be2 Nf6 12. Bf3 h6 13. O-O O-O 14. b3 Be6 15. a3 bxa3 16. Bxa3 Bxd5 17. cxd5 Na7 18. Ne3 Nb5 19. Bb2 Nd7 20. Be2 Nd4 21. Bxd4 exd4 22. Nf5 Bf6 23. Bc4 Qb6 24. Nxh6+ gxh6 25. Qg4+ Bg7 26. Qxd7 Rfe8 27. Rfe1 d3 28. Rad1 d2 29. Re3 Qd4 30. Rd3 Rad8 31. Qb5 Qa7 32. Re3 Rb8 33. Qc6 a4 34. Qxa4 Qxa4 35. bxa4 Rec8 36. Be2 Rc1 37. Rd3 Bc3 38. Rxc3 Rxc3 39. f3 Ra8 40. Rxd2 Rxa4 41. Kf2 Kg7 42. Kg3 Rxe4 43. Bb5 Rb4 44. Bc6 Kf6 45. Ra2 Kg5 46. Ra8 Rg4+ 47. Kh3 Rf4 48. Rg8+ Kf6 49. Kg3 Rf5 50. h4 Rc4 51. Rd8 Ke5 52. Re8+ Kd4 53. Kg4 Re5 54. Rh8 Ke3+ 55. Kg3 Rh5 56. Re8+ Kd2 57. Rd8 Rcxh4 58. Rxd6 Rh1 59. f4 f5 60. Rg6 Re1 61. d6 Re3+ 62. Bf3 Rd3 63. Kf2 Rh4 64. g3 Rh2+ 65. Kg1 Re2 66. Bxe2 Kxe2 67. Kg2 h5 68. Re6+ Kd2 69. Kh3 Kc3 70. Kh4 Kc4 71. Kxh5 Rxg3 72. d7 Rd3 73. Re7 Kc5 74. Kg6 Kc6 75. Kxf5 Kc7 76. Ke6 Rd6+ 77. Kf7 Rd5 78. Ke8 1-0

[Event "CAN-ch"]
[Site "Richmond CAN"]
[Date "2002.03.22"]
[Round "2.5"]
[White "Sokourinski, Sergei"]
[Black "Charbonneau, Pascal"]
[Result "0-1"]
[WhiteElo "2266"]
[BlackElo "2428"]
[PlyCount "62"]
[GameId "2160767911483543"]
[EventDate "2002.03.21"]
[EventType "swiss"]
[EventRounds "11"]
[EventCountry "CAN"]

1. d4 d5 2. Nf3 Nc6 3. c4 Bg4 4. cxd5 Bxf3 5. dxc6 Bxc6 6. Nc3 Nf6 7. f3 e5 8. dxe5 Nd7 9. Bf4 Bb4 10. Qb3 Qe7 11. e4 O-O-O 12. O-O-O g5 13. Bg3 Nc5 14. Qc4 Rxd1+ 15. Kxd1 Bxc3 16. Qxc3 Na4 17. Qc2 h5 18. h3 h4 19. Bh2 Qb4 20. Be2 Nxb2+ 21. Kc1 Na4 22. Bc4 Rd8 23. e6 fxe6 24. Bxe6+ Kb8 25. Bb3 Qd4 26. Bxa4 Bxa4 27. Qxc7+ Ka8 28. Be5 Qd3 29. Bf6 Re8 30. Qc5 Qa6 31. Kb2 Qxf6+ 0-1

[Event "CAN-ch"]
[Site "Richmond CAN"]
[Date "2002.03.23"]
[Round "3.1"]
[White "Charbonneau, Pascal"]
[Black "Spraggett, Kevin"]
[Result "1/2-1/2"]
[WhiteElo "2428"]
[BlackElo "2629"]
[PlyCount "42"]
[GameId "2160767911483558"]
[EventDate "2002.03.21"]
[EventType "swiss"]
[EventRounds "11"]
[EventCountry "CAN"]

1. e4 c5 2. Nf3 e6 3. d4 cxd4 4. Nxd4 a6 5. Bd3 Nf6 6. O-O d6 7. c4 Be7 8. b3 O-O 9. Bb2 Nbd7 10. Nc3 Re8 11. Qe2 Bf8 12. Rad1 g6 13. Bb1 b6 14. f4 e5 15. Nc2 exf4 16. Rxf4 Ne5 17. Ne3 Bh6 18. Rff1 Bb7 19. Ned5 Bxd5 20. Nxd5 Nxd5 21. Rxd5 Qc7 1/2-1/2

[Event "CAN-ch"]
[Site "Richmond CAN"]
[Date "2002.03.24"]
[Round "5.3"]
[White "Charbonneau, Pascal"]
[Black "Glinert, Stephen"]
[Result "1-0"]
[WhiteElo "2428"]
[BlackElo "2391"]
[PlyCount "63"]
[GameId "2160767911483596"]
[EventDate "2002.03.21"]
[EventType "swiss"]
[EventRounds "11"]
[EventCountry "CAN"]

1. e4 d6 2. d4 Nf6 3. Nc3 g6 4. Be3 Bg7 5. Nf3 c6 6. Qd2 Nbd7 7. h3 O-O 8. Bd3 e5 9. O-O b5 10. dxe5 dxe5 11. a4 b4 12. Ne2 a5 13. c3 c5 14. Qc2 Bb7 15. Nd2 Qe7 16. Nc4 Ne8 17. f3 Nd6 18. Nxd6 Qxd6 19. Rfd1 Rfd8 20. Bb5 Qe6 21. cxb4 axb4 22. Bg5 Nf6 23. Qxc5 Bf8 24. Rxd8 Rxd8 25. Qc7 Qe7 26. Qxe7 Bxe7 27. Rc1 Rc8 28. Rxc8+ Bxc8 29. Nc1 Bc5+ 30. Kf1 Nd7 31. Nd3 Bd6 32. Bd2 1-0

[Event "CAN-ch"]
[Site "Richmond CAN"]
[Date "2002.03.26"]
[Round "6.2"]
[White "Charbonneau, Pascal"]
[Black "Hebert, Jean"]
[Result "0-1"]
[WhiteElo "2428"]
[BlackElo "2470"]
[PlyCount "134"]
[GameId "2160767911483613"]
[EventDate "2002.03.21"]
[EventType "swiss"]
[EventRounds "11"]
[EventCountry "CAN"]

1. e4 g6 2. d4 Bg7 3. Nc3 d6 4. Be3 Nf6 5. Nf3 O-O 6. Qd2 a6 7. Bd3 Bg4 8. Bh6 Nc6 9. Bxg7 Kxg7 10. d5 Bxf3 11. dxc6 Bxg2 12. Rg1 Bh3 13. cxb7 Rb8 14. Bxa6 c6 15. Qe3 Qa5 16. Bc4 Be6 17. Bxe6 fxe6 18. f4 Rxb7 19. O-O-O Nh5 20. Rdf1 Qb4 21. Nd1 Nf6 22. Re1 d5 23. f5 Nxe4 24. fxg6 h6 25. Ref1 Rf6 26. Rf4 Qb6 27. Qxb6 Rxb6 28. Rfg4 h5 29. R4g2 Ra6 30. a3 c5 31. c4 d4 32. Re2 Nd6 33. Re5 Rc6 34. Rgg5 Nxc4 35. Rxc5 e5 36. Rxc6 Rxc6 37. Nf2 Nxa3+ 38. Kd1 Nc4 39. b3 Ne3+ 40. Ke2 Rc2+ 41. Kf3 Ng4 42. Nxg4 hxg4+ 43. Rxg4 Rxh2 44. b4 Rb2 45. Re4 Rb3+ 46. Kg4 Kxg6 47. Rxe5 Kf6 48. Rh5 e5 49. Rh6+ Ke7 50. Kf5 Re3 51. b5 d3 52. b6 Kd7 53. Rh7+ Kc8 54. b7+ Kb8 55. Rd7 e4 56. Ke5 Re2 57. Kd5 Ka7 58. Kc5 Rb2 59. Kd4 Rxb7 60. Rd8 Re7 61. Ke3 Kb6 62. Rd5 Kc6 63. Ra5 Rd7 64. Ra1 Kc5 65. Kd2 Kd4 66. Ra4+ Ke5 67. Ra1 Rh7 0-1

[Event "CAN-ch"]
[Site "Richmond CAN"]
[Date "2002.03.27"]
[Round "7.4"]
[White "McLaren, Brian"]
[Black "Charbonneau, Pascal"]
[Result "0-1"]
[WhiteElo "2290"]
[BlackElo "2428"]
[PlyCount "70"]
[GameId "2160767911483631"]
[EventDate "2002.03.21"]
[EventType "swiss"]
[EventRounds "11"]
[EventCountry "CAN"]

1. e4 c5 2. Nc3 Nc6 3. g3 g6 4. Bg2 Bg7 5. d3 d6 6. Be3 e5 7. Qd2 Nge7 8. Bh6 Bxh6 9. Qxh6 Nd4 10. Qd2 Qa5 11. f4 exf4 12. gxf4 Bg4 13. h3 Bh5 14. Kf2 O-O-O 15. Nf3 Bxf3 16. Bxf3 f5 17. Rae1 Rhf8 18. e5 dxe5 19. Rxe5 Nxf3 20. Kxf3 Nc6 21. Re3 Qb4 22. b3 g5 23. fxg5 Qh4 24. Ke2 Qh5+ 25. Kf1 Nd4 26. Qf2 Qxg5 27. Rg1 Qh6 28. Nd1 Qh5 29. Nc3 f4 30. Re7 Qxh3+ 31. Qg2 Qxg2+ 32. Rxg2 Nf5 33. Rxh7 Ne3+ 34. Kf2 Nxg2 35. Kxg2 Rd7 0-1

[Event "CAN-ch"]
[Site "Richmond CAN"]
[Date "2002.03.29"]
[Round "9.4"]
[White "Reeve, Jeff"]
[Black "Charbonneau, Pascal"]
[Result "1/2-1/2"]
[WhiteElo "2348"]
[BlackElo "2428"]
[PlyCount "113"]
[GameId "2160767911483668"]
[EventDate "2002.03.21"]
[EventType "swiss"]
[EventRounds "11"]
[EventCountry "CAN"]

1. e4 c5 2. Nf3 d6 3. d4 cxd4 4. Nxd4 Nf6 5. Nc3 Bd7 6. Bc4 Nc6 7. f3 e6 8. Be3 Be7 9. g4 O-O 10. g5 Nh5 11. Rg1 a6 12. f4 Nxd4 13. Qxd4 g6 14. O-O-O b5 15. Be2 Ng7 16. Bg4 Rc8 17. Qb6 Qxb6 18. Bxb6 Bc6 19. a3 Bb7 20. h4 Rxc3 21. bxc3 Bxe4 22. Ba5 d5 23. Bb4 Re8 24. Bxe7 Rxe7 25. Rd4 Ne8 26. Be2 Nd6 27. Bd3 a5 28. Re1 Nf5 29. Bxe4 Nxd4 30. cxd4 dxe4 31. Rxe4 Rc7 32. Kb2 Rc4 33. c3 Kf8 34. Kb3 a4+ 35. Kc2 Rc7 36. Re5 Rb7 37. Kd3 Ke7 38. Rc5 Kd7 39. Ke4 Rc7 40. Ke5 Rxc5+ 41. dxc5 Kc6 42. Kd4 Kd7 43. c4 Kc6 44. cxb5+ Kxb5 45. Ke5 Kxc5 46. Kf6 Kd5 47. Kxf7 Ke4 48. Kg7 Kxf4 49. Kxh7 e5 50. h5 e4 51. hxg6 e3 52. g7 e2 53. g8=Q e1=Q 54. g6 Qh1+ 55. Kg7 Qa1+ 56. Kh7 Qh1+ 57. Kg7 1/2-1/2

[Event "CAN-ch"]
[Site "Richmond CAN"]
[Date "2002.03.30"]
[Round "10.3"]
[White "Lawson, Eric"]
[Black "Charbonneau, Pascal"]
[Result "0-1"]
[WhiteElo "2200"]
[BlackElo "2428"]
[PlyCount "101"]
[GameId "2160767911483684"]
[EventDate "2002.03.21"]
[EventType "swiss"]
[EventRounds "11"]
[EventCountry "CAN"]

1. d4 Nf6 2. Bg5 c5 3. Bxf6 gxf6 4. d5 Qb6 5. Qc1 Bh6 6. e3 d6 7. c3 Nd7 8. Nd2 f5 9. Nh3 Rg8 10. Nc4 Qc7 11. a4 Nf6 12. Qd2 b6 13. Na3 a6 14. Rd1 Bb7 15. c4 Qd7 16. Qc2 e6 17. Qb3 Qc7 18. g3 O-O-O 19. Bg2 e5 20. O-O Bg7 21. Ra1 Kb8 22. Qc2 Bc8 23. Rfb1 a5 24. Nb5 Qe7 25. Ra3 h5 26. Ng5 h4 27. Rb3 hxg3 28. hxg3 Ng4 29. Nf3 e4 30. Ne1 Be5 31. Nc3 Ka7 32. Ne2 Bd7 33. Ra3 Rg7 34. Nf4 Rdg8 35. Kf1 Qg5 36. Ke2 Nxf2 37. Kxf2 Qxg3+ 38. Kf1 Bxf4 39. exf4 e3 40. Ke2 Qxf4 41. Bf3 Qh2+ 42. Kd1 Qe5 43. Qc3 f4 44. Qxe5 dxe5 45. Nd3 Bf5 46. Rba1 Bxd3 47. Rxd3 Rg1+ 48. Kc2 Rxa1 49. d6 e4 50. Bxe4 e2 51. d7 0-1

[Event "CAN-ch"]
[Site "Richmond CAN"]
[Date "2002.03.31"]
[Round "11"]
[White "Charbonneau, Pascal"]
[Black "Cummings, David"]
[Result "1-0"]
[WhiteElo "2386"]
[BlackElo "2373"]
[PlyCount "69"]
[GameId "2160767911483697"]
[EventDate "2002.03.21"]
[EventType "swiss"]
[EventRounds "11"]
[EventCountry "CAN"]
[SourceTitle "CBM 088"]
[Source "ChessBase"]
[SourceDate "2002.03.21"]
[SourceVersion "1"]
[SourceVersionDate "2002.03.21"]
[SourceQuality "1"]

1. e4 c5 2. Nf3 e6 3. d4 cxd4 4. Nxd4 Nc6 5. Nc3 Qc7 6. Be2 a6 7. Be3 Nf6 8. a3 Be7 9. f4 d6 10. g4 O-O 11. g5 Nd7 12. h4 Re8 13. Qd2 b5 14. h5 Nxd4 15. Bxd4 Bb7 16. O-O-O e5 17. Be3 exf4 18. Bxf4 Bf8 19. Rdf1 Nc5 20. g6 Rxe4 21. Bf3 b4 22. axb4 Rxb4 23. gxf7+ Qxf7 24. Nd5 Ra4 25. b4 Ra1+ 26. Kb2 Rxf1 27. Rxf1 Ne6 28. Be3 Qf5 29. c3 Rb8 30. Qg2 Qe5 31. Nf6+ Qxf6 32. Bxb7 Qe5 33. Bd2 Nc7 34. h6 Be7 35. Rf5 1-0

[Event "CAN-ch U20 2002"]
[Site "Winnipeg CAN"]
[Date "2002.01.02"]
[Round "1"]
[White "Eshleman, Brandon"]
[Black "Charbonneau, Pascal"]
[Result "0-1"]
[WhiteElo "1826"]
[BlackElo "2458"]
[PlyCount "100"]
[GameId "2160767911484655"]
[EventDate "2002.01.02"]
[EventType "swiss"]
[EventRounds "8"]
[EventCountry "CAN"]

1. e4 c5 2. Nf3 Nc6 3. Bb5 g6 4. O-O Bg7 5. c3 Nf6 6. Re1 O-O 7. d4 d5 8. e5 Ne4 9. Bd3 Bf5 10. Nh4 cxd4 11. cxd4 Nxd4 12. Nxf5 Nxf5 13. Qf3 Qa5 14. Kf1 Nd4 15. Qe3 Bxe5 16. Bxe4 dxe4 17. Qxe4 Bg7 18. Nc3 Qa6+ 19. Kg1 f5 20. Qb1 e5 21. Be3 Rfd8 22. Qd1 Qc4 23. Rc1 e4 24. Qa4 Qxa4 25. Nxa4 Rac8 26. Kf1 Nc2 27. Red1 Rxd1+ 28. Rxd1 b5 29. Nc3 Bxc3 30. bxc3 Nxe3+ 31. fxe3 Rxc3 32. Rd8+ Kg7 33. Rd7+ Kh6 34. Rxa7 Rxe3 35. Kf2 Rc3 36. Rb7 Rc2+ 37. Kg3 Rb2 38. h3 Kg5 39. h4+ Kf6 40. Kf4 Rxg2 41. Rb6+ Kg7 42. h5 Rxa2 43. Rxb5 Rf2+ 44. Kg5 Rg2+ 45. Kf4 Rg4+ 46. Ke3 Kh6 47. hxg6 hxg6 48. Rb6 Kg5 49. Re6 Rg3+ 50. Kf2 Kf4 0-1

[Event "CAN-ch U20 2002"]
[Site "Winnipeg CAN"]
[Date "2002.01.02"]
[Round "2"]
[White "Charbonneau, Pascal"]
[Black "Lipnowski, Samuel"]
[Result "1-0"]
[WhiteElo "2458"]
[BlackElo "2035"]
[PlyCount "35"]
[GameId "2160767911484667"]
[EventDate "2002.01.02"]
[EventType "swiss"]
[EventRounds "8"]
[EventCountry "CAN"]

1. e4 d5 2. exd5 Qxd5 3. Nf3 Nf6 4. d4 Bg4 5. Be2 Nc6 6. h3 Bh5 7. c4 Qd6 8. d5 Bxf3 9. Bxf3 Ne5 10. O-O Nxf3+ 11. Qxf3 O-O-O 12. Nc3 a6 13. Re1 Rg8 14. Bf4 Qd7 15. Qe3 Kb8 16. a4 Qf5 17. g4 Qd7 18. Nb5 1-0

[Event "CAN-ch U20 2002"]
[Site "Winnipeg CAN"]
[Date "2002.01.03"]
[Round "3"]
[White "Glinert, Stephen"]
[Black "Charbonneau, Pascal"]
[Result "1-0"]
[WhiteElo "2384"]
[BlackElo "2458"]
[PlyCount "55"]
[GameId "2160767911484680"]
[EventDate "2002.01.02"]
[EventType "swiss"]
[EventRounds "8"]
[EventCountry "CAN"]

1. e4 c5 2. Nc3 Nc6 3. g3 g6 4. Bg2 Bg7 5. d3 d6 6. f4 b6 7. Nf3 Bb7 8. Be3 Nd4 9. Qd2 Qd7 10. O-O f5 11. Rae1 Nh6 12. Bxd4 cxd4 13. Ne2 fxe4 14. dxe4 O-O 15. Nexd4 e5 16. fxe5 dxe5 17. Nb3 Qe7 18. Bh3 Nf7 19. Qd7 Qxd7 20. Bxd7 Nd6 21. Be6+ Kh8 22. Bd5 Bxd5 23. exd5 e4 24. Nfd4 Rxf1+ 25. Kxf1 Re8 26. c3 a5 27. Ne6 Be5 28. Nd2 1-0

[Event "CAN-ch U20 2002"]
[Site "Winnipeg CAN"]
[Date "2002.01.03"]
[Round "4"]
[White "Charbonneau, Pascal"]
[Black "Lipnowski, Michael"]
[Result "1-0"]
[WhiteElo "2458"]
[BlackElo "1799"]
[PlyCount "43"]
[GameId "2160767911484690"]
[EventDate "2002.01.02"]
[EventType "swiss"]
[EventRounds "8"]
[EventCountry "CAN"]

1. e4 c5 2. Nc3 Nc6 3. Bb5 e6 4. Bxc6 bxc6 5. d3 Qc7 6. Nge2 d6 7. O-O Nf6 8. f4 Be7 9. Ng3 O-O 10. b3 Nd7 11. Bb2 Bf6 12. Qg4 g6 13. Na4 Be7 14. Rae1 Re8 15. e5 d5 16. f5 Nb6 17. f6 Bf8 18. Rf4 c4 19. Qh3 h6 20. Rh4 Nxa4 21. Rxh6 Bg7 22. Rh7 1-0

[Event "CAN-ch U20 2002"]
[Site "Winnipeg CAN"]
[Date "2002.01.04"]
[Round "5"]
[White "Wang, Hao Yuan"]
[Black "Charbonneau, Pascal"]
[Result "1/2-1/2"]
[WhiteElo "2219"]
[BlackElo "2458"]
[PlyCount "47"]
[GameId "2160767911484710"]
[EventDate "2002.01.02"]
[EventType "swiss"]
[EventRounds "8"]
[EventCountry "CAN"]

1. e4 c5 2. Nf3 d6 3. d4 cxd4 4. Nxd4 Nf6 5. Nc3 Bd7 6. Be2 e5 7. Nb3 Bc6 8. f3 Be7 9. Be3 Nbd7 10. Qd2 O-O 11. O-O Nb6 12. Kh1 d5 13. exd5 Nfxd5 14. Nxd5 Nxd5 15. Bc4 Nxe3 16. Qxe3 Qc7 17. Nd2 Rad8 18. Bd3 b6 19. Rfe1 Bc5 20. Qxe5 Qxe5 21. Rxe5 Bd4 22. Re7 Bxb2 23. Rb1 Bc3 24. Ne4 1/2-1/2

[Event "CAN-ch U20 2002"]
[Site "Winnipeg CAN"]
[Date "2002.01.04"]
[Round "6"]
[White "Charbonneau, Pascal"]
[Black "Moskvitch, Andrei"]
[Result "0-1"]
[WhiteElo "2458"]
[BlackElo "2200"]
[PlyCount "50"]
[GameId "2160767911484712"]
[EventDate "2002.01.02"]
[EventType "swiss"]
[EventRounds "8"]
[EventCountry "CAN"]

1. Nf3 c5 2. c4 e6 3. Nc3 d5 4. cxd5 exd5 5. d4 Nc6 6. e3 Nf6 7. Bb5 cxd4 8. Nxd4 Bd7 9. Nf3 Be6 10. O-O Bd6 11. b3 O-O 12. Bb2 a6 13. Be2 Qe7 14. Rc1 Rad8 15. Nd4 Bb8 16. Nxc6 bxc6 17. Na4 Qd6 18. g3 Bh3 19. Re1 Ne4 20. Qd4 Qh6 21. Rxc6 f6 22. Nc3 Be5 23. Qd1 Nxf2 24. Kxf2 Bd7 25. Qxd5+ Kh8 0-1

[Event "CAN-ch U20 2002"]
[Site "Winnipeg CAN"]
[Date "2002.01.05"]
[Round "7"]
[White "Charbonneau, Anne-Marie"]
[Black "Charbonneau, Pascal"]
[Result "0-1"]
[WhiteElo "1925"]
[BlackElo "2458"]
[PlyCount "58"]
[GameId "2160767911484722"]
[EventDate "2002.01.02"]
[EventType "swiss"]
[EventRounds "8"]
[EventCountry "CAN"]

1. d4 d5 2. c4 Nc6 3. cxd5 Qxd5 4. e3 e5 5. Nc3 Bb4 6. Bd2 Bxc3 7. bxc3 Nf6 8. c4 Qd6 9. d5 Ne7 10. Nf3 O-O 11. Be2 c6 12. dxc6 Nxc6 13. Bc3 Qe7 14. O-O Bf5 15. Qb3 Ne4 16. Rfd1 Rac8 17. Rac1 f6 18. a3 Nc5 19. Qb2 b6 20. Bb4 Be6 21. Nd2 Rfd8 22. Nb3 Rxd1+ 23. Rxd1 Na4 24. Qd2 Qf7 25. Bf3 Nxb4 26. Qd8+ Qf8 27. Qxf8+ Kxf8 28. axb4 Rxc4 29. h3 Rxb4 0-1

[Event "CAN-ch U20 2002"]
[Site "Winnipeg CAN"]
[Date "2002.01.06"]
[Round "8"]
[White "Raheb, David"]
[Black "Charbonneau, Pascal"]
[Result "1/2-1/2"]
[WhiteElo "2248"]
[BlackElo "2458"]
[PlyCount "61"]
[GameId "2160767911484741"]
[EventDate "2002.01.02"]
[EventType "swiss"]
[EventRounds "8"]
[EventCountry "CAN"]

1. d4 d5 2. c4 dxc4 3. Nf3 Nf6 4. e3 e6 5. Bxc4 c5 6. O-O a6 7. Qe2 Nc6 8. Rd1 b5 9. d5 Nxd5 10. e4 bxc4 11. exd5 Nd4 12. Nxd4 cxd4 13. Rxd4 Be7 14. Nc3 Bf6 15. Rd1 O-O 16. dxe6 Qe7 17. Nd5 Qxe6 18. Qxe6 Bxe6 19. Nxf6+ gxf6 20. Be3 Rfd8 21. Bd4 Kg7 22. Rd2 Rd7 23. Rad1 Rad8 24. f3 Kg6 25. Kf2 h5 26. h3 f5 27. Kg3 Rd5 28. a3 a5 29. Kf4 a4 30. Ke3 Bc8 31. Bc3 1/2-1/2

[Event "Jack Taylor mem."]
[Site "Victoria CAN"]
[Date "2001.11.17"]
[Round "1"]
[White "Aquino, Manfrei"]
[Black "Charbonneau, Pascal"]
[Result "0-1"]
[WhiteElo "1959"]
[BlackElo "2444"]
[PlyCount "36"]
[GameId "2160767911484888"]
[EventDate "2001.11.17"]
[EventType "swiss"]
[EventRounds "5"]
[EventCountry "CAN"]
[SourceTitle "EXT 2022"]
[Source "ChessBase"]
[SourceDate "2021.10.06"]
[SourceVersion "1"]
[SourceVersionDate "2021.10.06"]
[SourceQuality "1"]

1. d4 d5 2. c4 Nc6 3. Nc3 dxc4 4. d5 Ne5 5. f4 Ng6 6. e4 e5 7. fxe5 Nxe5 8. Bf4 Bd6 9. Bxe5 Bxe5 10. Nf3 Bxc3+ 11. bxc3 Nf6 12. Qa4+ c6 13. dxc6 O-O 14. Bxc4 Qb6 15. Nd4 Nxe4 16. O-O Nxc3 17. Bxf7+ Rxf7 18. Qc4 Qxd4+ 0-1